000 00581nam a2200205Ia 4500
003 OSt
005 20250425115714.0
008 220927b |||||||| |||| 00| 0 eng d
020 _a9781403144195
040 _aSDCL
_cSDCL
_beng
041 _2eng
_aeng
084 _aS:523 P7 LR
100 _aHubbard, L. Ron
_9373525
245 0 _aScientology :
_bThe fundamentals of thought (with CD)
260 _aCalifornia :
_bBridge Publications,
_c2007.
300 _axii,244p.
650 _aGift
_9391569
942 _cGB
_2CC
_n0
999 _c763161
_d763161